Statistics for Nick Cave and the Bad Seeds Songs

Click here to take the quiz!

General Stats

  • This quiz has been taken 36 times
  • The average score is 66 of 161

Answer Stats

Hint Answer % Correct
Skeleton Tree
100%
Dig, Lazarus, Dig!!!
94%
Red Right Hand
94%
Push the Sky Away
94%
Stagger Lee
94%
The Mercy Seat
94%
The Ship Song
89%
I Let Love In
89%
Where the Wild Roses Grow
89%
The Good Son
89%
Jubilee Street
89%
Your Funeral... My TrialFrom Her to Eternity
89%
Henry Lee
83%
Loverman
83%
Do You Love Me? (Part 2)
83%
The Weeping Song
83%
Into My Arms
83%
Do You Love Me?
83%
Let Love InTupelo
78%
Mermaids
78%
The Lyre of Orpheus
78%
Death Is Not the End
78%
Rings of Saturn
72%
Magneto
72%
Your Funeral My Trial
72%
Abattoir Blues
72%
I Need You
72%
From Her to EternityAvalanche
72%
O Children
72%
People Ain't No Good
67%
Papa Won't Leave You, Henry
67%
Mercy
67%
The Hammer Song
67%
The Hammer Song
67%
We No Who U R
67%
Higgs Boson Blues
67%
Girl in Amber
61%
We Real Cool
61%
The Curse of Millhaven
61%
Jangling Jack
61%
Fifteen Feet of Pure White Snow
61%
The Carny
61%
Stranger Than Kindness
61%
Song of Joy
56%
I Had a Dream, Joe
56%
Up Jumped the Devil
56%
More News from Nowhere
56%
And No More Shall We Part
56%
Deanna
56%
Green Eyes
56%
Finishing Jubilee Street
56%
Anthrocene
56%
Distant Sky
56%
Night of the Lotus Eaters
50%
Nobody's Baby Now
50%
The Firstborn Is DeadCabin Fever!
50%
Hallelujah
50%
Crow Jane
50%
Brother, My Cup Is Empty
50%
Straight to You
50%
Lucy
50%
(Are You) The One That I've Been Waiting For?
50%
Foi Na Cruz
50%
As I Sat Sadly by Her Side
44%
Brompton Oratory
44%
Albert Goes West
44%
The Kindness of Strangers
44%
Love Letter
44%
There She Goes, My Beautiful World
44%
Lime Tree Arbour
44%
We Call Upon the Author
44%
O'Malley's Bar
44%
Lament
44%
Slowly Goes the Night
44%
There Is a Kingdom
39%
Babe, I'm on Fire
39%
Sad Waters
39%
Jesus Alone
39%
The Carnival Is Over
39%
Lay Me Low
39%
Get Ready for Love
39%
Jack the Ripper
39%
Ain't Gonna Rain Anymore
39%
Thirsty Dog
39%
Christina the Astonishing
33%
She Fell Away
33%
The Witness Song
33%
Nature Boy
33%
Today's Lesson
33%
City of Refuge
33%
Watching Alice
28%
Lovely Creature
28%
The Singer
28%
Jack's Shadow
28%
Sugar Sugar Sugar
28%
West Country Girl
28%
Where Do We Go Now But Nowhere?
28%
Idiot Prayer
28%
Sorrow's Child
28%
Fable of the Brown Ape
22%
Sunday's Slave
22%
Cannibal's Hymn
22%
Loom of the Land
22%
Breathless
22%
Carry Me
22%
Lie Down Here
22%
New Morning
22%
Moonland
22%
Midnight Man
22%
Rock of Gibraltar
22%
Hey Joe
22%
Water's Edge
22%
Black Hair
22%
Darker with the Day
22%
God Is in the House
22%
Hard On for Love
22%
Far from Me
22%
Supernaturally
17%
We Came Along This Road
17%
Wide Lovely Eyes
17%
John Finn's Wife
17%
Sweetheart Come
17%
Long Time Man
17%
Kicking Against the PricksWell of Misery
17%
The Good SonWings Off Flies
17%
Tender PreySaint Huck
17%
When I First Came to Town
17%
Hiding All Away
17%
Bring It On
17%
Hold on to Yourself
17%
Abattoir Blues/The Lyre of OrpheusWanted Man
17%
Push the Sky AwayMuddy Water
17%
Murder BalladsSay Goodbye to the Little Girl Tree
17%
Wonderful Life
17%
Henry's DreamA Box for Black Paul
17%
Dig, Lazarus, Dig!!!Blind Lemon Jefferson
11%
The Boatman's CallTrain Long-Suffering
11%
Skeleton TreeI'm Gonna Kill That Woman
11%
Jesus of the Moon
11%
Babe, You Turn Me On
11%
Easy Money
11%
Still in Love
11%
All Tomorrow's Parties
11%
He Wants You
11%
Dead Man in My Bed
11%
Oh My Lord
11%
Gates to the Garden
11%
NocturamaKnockin' on Joe
6%
No More Shall We PartBlack Crow King
6%
There Is a Town
6%
The Sorrowful Wife
6%
She Passed by My Window
6%
Long Black Veil
6%
Jesus Met the Woman at the Well
6%
Messiah Ward
6%
Spell
6%
By the Time I Get to Phoenix
6%
Sleeping Annaleah
6%
Something's Gotten Hold of My Heart
0%
Right Out of Your Hand
0%
Let the Bells Ring
0%

Score Distribution

Percentile by Number Answered

Percent of People with Each Score

Your Score History

You have not taken this quiz